| 000 | 00654cam a2200229 a 4500 | ||
|---|---|---|---|
| 001 | 15149838 | ||
| 005 | 20131208151107.0 | ||
| 008 | 080122t2009 xxk gr 000 0 eng d | ||
| 020 | _a9781847442918 | ||
| 040 |
_aDLC _cDLC _dDLC |
||
| 082 | 0 | 4 |
_222 _a296.7 _bALB |
| 100 | 1 |
_aAlbom, Mitch, _d1958- _915633 |
|
| 245 | 1 | 0 |
_aHave A Little Faith : _bA True Story / _cMitch Albom. |
| 260 |
_aLondon : _bSphere, _cc.2009. |
||
| 300 |
_a254 p. : _c18 cm. |
||
| 590 | _aBook for the road program. | ||
| 650 | 0 |
_aFaith (Judaism) _915634 |
|
| 650 | 0 |
_aFaith. _915635 |
|
| 653 |
_bENG _cDecember2013 |
||
| 655 |
_vreading book _934232 |
||
| 942 |
_2ddc _cBB _k296.7 ALB |
||
| 999 |
_c14323 _d14323 |
||